Mentalist - Statistiques

Statistiques générales
  • Ce quiz a été pris 170 fois
  • Le résultat moyen est 8 sur 31
Statistiques - réponses
Hint Réponse % Correct
Nommez les 7 suspects de la liste de Jane Thomas McAllister
80%
Nommez les 7 suspects de la liste de Jane Gale Bertram
67%
Nommez les 7 suspects de la liste de Jane Bret Stiles
53%
Quel est le mot de passe de la Blake association ? Tigre Tigre
52%
Quelle secte dirige Bret Stiles ? Visualize
51%
Que contient la boîte de LaRoche ? Langue
45%
Où est placée la tête du Docteur Miller ? Un four
40%
Comment s'appelle le fils de Rigsby ? Benjamin
34%
Dans quelle ville Lorelei rencontre-t-elle Patrick ? Las Vegas
34%
De quelle couleur sont les yeux aveugles de Rosalind ? Bleus
32%
De quel comté est issu le shérif McAllister ? Napa
30%
Nommez les 7 suspects de la liste de Jane Ray Haffner
28%
Quel est le montant en chiffres de la caution fixée pour libérer Jane au début de la saison 4 ? 1000000
27%
Nommez les 7 suspects de la liste de Jane Brett Partridge
26%
Nommez les 7 suspects de la liste de Jane Reede Smith
22%
L'odeur de quel fruit trahit le tueur dans l'épisode Forêt rouge (S1E5) ? Ananas
19%
Quel est le prénom de la soeur de Lorelei ? Miranda
17%
Comment se fait appeler l'amant de Rosalind Harker ? Roy Tagliaferro
17%
Nommez les 7 suspects de la liste de Jane Bob Kirkland
15%
Dans quelle ville sont mortes la fille et la femme de Jane ? Malibu
15%
Quel objet comestible Jane demande-t-il à Keller pour faire exploser la maison ? Chewing-Gum
14%
Quel est le prénom de la secrétaire qui tue Bosco et son équipe ? Rebecca
14%
Comment s'appelle l'homme que tue Jane dans le dernier épisode de la saison 3 ? Timothy Carter
12%
Comment s'appelle l'avocat du CBI ? Osvaldo Ardiles
11%
De quelle marque est la voiture de Walter Mashburn volontairement détruite par Jane ? Porsche
10%
Qui est brûlé vif par O'Laughlin ? Todd Johnson
10%
Qui est la taupe au sein du CBI qui fait chanter LaRoche ? Brenda Shettrick
9%
A la fin de la saison 2, Rosalind est en transe, en train de jouer du piano. Quelle chanson joue-t-elle ? Prelude de Bach
9%
Quel est le prénom de la soeur du tueur fou Haibach ? Hazel
3%
A combien de personnes Jane a-t-il serré la main depuis la mort de sa femme et sa fille ? 2164
2%
Après avoir été avocate, quelle fonction exerce Sarah, l'ex femme de Rigsby ? Substitut du procureur
2%
Aucun quiz correspondant
Distribution des résultats
% des personnes avec chaque résultat
Percentile par nombre de réponses
Votre historique - résultats
Vous n’avez pas pris ce quiz